000 00697nam a2200289Ia 4500
005 20260324133649.0
008 008 260324s9999 xx 000 0 eng d
020 _a9780203954140
037 _aEBOOK
040 _aCRL
040 _beng
040 _cCRL
041 _2eng
041 _aeng
084 _qCRL
100 _aJulie Sloan Brannon
_91193927
245 0 _aWho Reads Ulysses?
245 4 _bThe Common Reader and the Rhetoric of the Joyce Wars
260 _bTaylor and Francis
260 _c2003
365 _a
365 _b65.99
856 _uhttp://www.taylorfrancis.com/books/9780203954140
942 _cEBOOK
999 _c1793222
_d1793222